|
|
|
|
| LEADER |
00000nab a2200000uu 4500 |
| 001 |
vtls011501012 |
| 003 |
SK-MaSNL |
| 005 |
20260303155139.0 |
| 008 |
230222|2014 xo |||||||||||||||||eng| |
| 015 |
|
|
|a SNBRB
|
| 035 |
|
|
|a (urnnbn)urn:nbn:sk:snk:ar-a0afxf
|
| 035 |
|
|
|a (uuid)664f9b22-a2b0-4cc9-90f4-60a64d50e002
|
| 035 |
|
|
|a urn:nbn:sk:snk-abdvgf
|
| 040 |
|
|
|a SNKBUCL
|b slo
|c SNKBUCL
|e AACR2
|
| 041 |
0 |
|
|a eng
|
| 044 |
|
|
|a xo
|c SK
|
| 100 |
1 |
|
|a Dyttert, D.
|4 aut
|9 1178486
|
| 245 |
1 |
0 |
|a Surgical management of breast cancer liver metastases
|c D. Dyttert, J. Palaj, M. Sabol, P. Chvalny, R. Donat, S. Durdik
|
| 700 |
1 |
|
|a Palaj, J.
|4 aut
|9 1141534
|
| 700 |
1 |
|
|a Sabol, Martin,
|d 1970-
|4 aut
|9 210921
|
| 700 |
1 |
|
|a Chvalny, P.
|4 aut
|9 1141537
|
| 700 |
1 |
|
|a Donat, R.
|4 aut
|9 1168688
|
| 700 |
1 |
|
|a Durdík, Štefan,
|d 1957-
|4 aut
|9 201148
|
| 773 |
0 |
|
|t Neoplasma : journal of experimental and clinical oncology
|g Roč. 61, č. 5 (2014), s. 601-606
|
| 958 |
|
|
|a OND
|
| 958 |
|
|
|a EUIPO
|
| 958 |
|
|
|a article20
|
| 999 |
|
|
|c 2038773
|d 2040703
|